| 000 | 01281nam a2200373 a 4500 | ||
|---|---|---|---|
| 999 |
_c7477 _d7477 |
||
| 001 | 991031949609706706 | ||
| 003 | OSt | ||
| 005 | 20211201134330.0 | ||
| 008 | 961025s1996 spcd || 000 ||cat | ||
| 015 |
_aLL1996 _2bnc |
||
| 017 |
_aDL B. 28561-1996 _bBiblioteca de Catalunya |
||
| 020 | _a8485557514 | ||
| 035 | _a(ES-BaCBU)b18410613-34csuc_network | ||
| 035 | _a(ES-BaCBU).b18410613 | ||
| 035 | _a(ccuc001)b18410613 | ||
| 040 |
_aES-BaBC _bcat _cCDMR |
||
| 043 | _ae-sp--- | ||
| 080 | _a654.19(460) | ||
| 100 | 1 |
_aGiordano, Eduardo _9988 |
|
| 245 | 1 | 0 |
_aPolítiques de televisió a Espanya : _bmodel televisiu i mercat audiovisual / _cEduardo Giordano, Carlos Zeller |
| 260 |
_aBarcelona : _bFundació Jaume Bofill, _c1996 |
||
| 300 |
_a161 p. : _bil., gràf. ; _c24 cm |
||
| 490 | 1 |
_aPolítiques ; _v13 |
|
| 504 | _aBibliografia p. 153-161 | ||
| 650 | 7 |
_aTelevisió _zEspanya _2lemac _xAspectes socials |
|
| 650 | 7 |
_aTelevisió i política _zEspanya _2lemac |
|
| 700 | 1 |
_aZeller, Carlos _93363 |
|
| 710 | 2 | _aFundació Jaume Bofill. | |
| 830 | 0 |
_aPolítiques (1992) ; _v13 |
|
| 907 |
_a.b18410613 _b16-06-21 _c07-05-08 _d06-05-08 _em _fa _g- _hcat _ispc _j0 _k9 |
||
| 908 |
_aBPC _aBC _aRS _aUAB _aUB _aUdG _aUPF _aURL _aFILMO _aGEPA _aCLR |
||
| 940 | _aBC | ||
| 942 |
_2udc _cMON |
||